Sociedades en guerra civil : (Registro nro. 26266)
[ vista simple ]
| 000 -LEADER | |
|---|---|
| fixed length control field | 01838cam a2200457 i 4500 |
| 001 - CONTROL NUMBER | |
| control field | 26266 |
| 003 - CONTROL NUMBER IDENTIFIER | |
| control field | Mx-PuUPA |
| 005 - DATE AND TIME OF LATEST TRANSACTION | |
| control field | 20250702153843.0 |
| 008 - FIXED-LENGTH DATA ELEMENTS--GENERAL INFORMATION | |
| fixed length control field | 140415s1999 sp gr 001 0 spa d |
| 017 ## - COPYRIGHT OR LEGAL DEPOSIT NUMBER | |
| Copyright or legal deposit number | B-42.2417/1999 |
| 020 ## - INTERNATIONAL STANDARD BOOK NUMBER | |
| International Standard Book Number | 8449307783 |
| 040 ## - CATALOGING SOURCE | |
| Transcribing agency | Mx-PuUPA |
| Original cataloging agency | Mx-PuUPA |
| Language of cataloging | spa |
| Modifying agency | Mx-PuUPA |
| Description conventions | rda |
| 041 1# - LANGUAGE CODE | |
| Language code of text/sound track or separate title | spa |
| Language code of original | und |
| 043 ## - GEOGRAPHIC AREA CODE | |
| Geographic area code | cl----- |
| 245 10 - TITLE STATEMENT | |
| Title | Sociedades en guerra civil : |
| Remainder of title | conflictos violentos de Europa y América Latina / |
| Statement of responsibility, etc. | Peter Waldmann y Fernando Reinares, compiladores ; Rogelio Alonso, Monique Delacre, Rosario Jabardo, Zitta Moncada, Carlos Resa, Rosa Sala, traducción |
| 264 #1 - PRODUCTION, PUBLICATION, DISTRIBUTION, MANUFACTURE, AND COPYRIGHT NOTICE | |
| Place of production, publication, distribution, manufacture | Barcelona, España : |
| Name of producer, publisher, distributor, manufacturer | Ediciones Paidós, |
| Date of production, publication, distribution, manufacture, or copyright notice | 1999 |
| 300 ## - PHYSICAL DESCRIPTION | |
| Extent | 377 páginas ; |
| Dimensions | 24 cm |
| 336 ## - CONTENT TYPE | |
| Fuente | rdacontent |
| Content type term | texto |
| Content type code | txt |
| 337 ## - MEDIA TYPE | |
| Source | rdamedia |
| Media type term | sin medio |
| Media type code | n |
| 338 ## - CARRIER TYPE | |
| Source | rdacarrier |
| Carrier type term | volumen |
| Carrier type code | nc |
| 490 0# - SERIES STATEMENT | |
| Series statement | Paidós Estado y Sociedad ; |
| Volume/sequential designation | 75 |
| 650 #7 - SUBJECT ADDED ENTRY--TOPICAL TERM | |
| Source of heading or term | armarc |
| Topical term or geographic name entry element | Insurgencia |
| General subdivision | Estudios de caso |
| 650 #7 - SUBJECT ADDED ENTRY--TOPICAL TERM | |
| Source of heading or term | armarc |
| Topical term or geographic name entry element | Guerra y sociedad |
| Geographic subdivision | América Latina |
| Chronological subdivision | Siglo XX |
| 650 #7 - SUBJECT ADDED ENTRY--TOPICAL TERM | |
| Source of heading or term | armarc |
| Topical term or geographic name entry element | Guerra y sociedad |
| Geographic subdivision | Europa |
| Chronological subdivision | Siglo XX |
| 650 #7 - SUBJECT ADDED ENTRY--TOPICAL TERM | |
| Source of heading or term | armarc |
| Topical term or geographic name entry element | Guerra civil |
| Geographic subdivision | América Latina |
| 650 #7 - SUBJECT ADDED ENTRY--TOPICAL TERM | |
| Source of heading or term | armarc |
| Topical term or geographic name entry element | Guerra civil |
| Geographic subdivision | Europa |
| 650 #7 - SUBJECT ADDED ENTRY--TOPICAL TERM | |
| Source of heading or term | armarc |
| Topical term or geographic name entry element | Violencia política |
| Geographic subdivision | Europa |
| 650 #7 - SUBJECT ADDED ENTRY--TOPICAL TERM | |
| Source of heading or term | armarc |
| Topical term or geographic name entry element | Violencia política |
| Geographic subdivision | América Latina |
| 700 1# - ADDED ENTRY--PERSONAL NAME | |
| Personal name | Waldmann, Peter, |
| Relator term | compilador |
| 700 1# - ADDED ENTRY--PERSONAL NAME | |
| Personal name | Reinares, Fernando, |
| Relator term | compilador |
| 700 1# - ADDED ENTRY--PERSONAL NAME | |
| Personal name | Alonso, Rogelio, |
| Relator term | traductor |
| Name of part/section of a work | Cap. 7 |
| 700 1# - ADDED ENTRY--PERSONAL NAME | |
| Personal name | Delacre, Monique, |
| Relator term | traductor |
| Name of part/section of a work | Cap.3 |
| 700 1# - ADDED ENTRY--PERSONAL NAME | |
| Personal name | Jabardo, Rosario, |
| Relator term | traductor |
| Name of part/section of a work | Cap. 8 |
| 700 1# - ADDED ENTRY--PERSONAL NAME | |
| Personal name | Moncada, Zitta, |
| Relator term | traductor |
| Name of part/section of a work | Cap. 10 |
| 700 1# - ADDED ENTRY--PERSONAL NAME | |
| Personal name | Resa, Carlos, |
| Relator term | traductor |
| Name of part/section of a work | Cap. 2 |
| 700 1# - ADDED ENTRY--PERSONAL NAME | |
| Personal name | Sala, Rosa, |
| Relator term | traductor |
| Name of part/section of a work | Caps. 1, 4, 5 y 6 |
| 942 ## - ADDED ENTRY ELEMENTS (KOHA) | |
| Source of classification or shelving scheme | Dewey Decimal Classification |
| Koha item type | Libro |
| Classification part | 303.6094 |
| Item part | S6718 |
| Withdrawn status | Lost status | Source of classification or shelving scheme | Damaged status | Not for loan | Collection code | Home library | Current library | Shelving location | Date acquired | Source of acquisition | Cost, normal purchase price | Total Checkouts | Full call number | Barcode | Date last seen | Cost, replacement price | Price effective from | Koha item type |
|---|---|---|---|---|---|---|---|---|---|---|---|---|---|---|---|---|---|---|
| Dewey Decimal Classification | General | Biblioteca Karol Wojtyla | Biblioteca Karol Wojtyla | Sala general | 01/01/2022 | Donación | 0.00 | 303.6094 S6718 1999 | 48831 | 05/01/2026 | 0.00 | 03/12/2013 | Libro |